1614 1570 1637 1278 1232 1816 1375 1303 1361 1488 1732 1289 1499 1675 1954 1197 1191 1230 1907 1827 1811 1848 1838 1847 1285 1589 1743 1981 1582 1342 1965 1102 1306 1984 1841 1352 1452 1838 1350 1489 1018 1653 1956 1004 1288 1072 1886 1408 1508 1405 1201 1001 1958 1944 1524 1943 1511 1305 1228 1004 1656 1769 1253 1734 1568 1110 1897 1424 1952 1160 1801 1019 1699 1779 1635 1444 1860 1833 1390 1875 1706 1729 1097 1455 1520 1526 1720 1633 1870 1346 1194 1796 1002 1167 1194 1351 1027 1502 1231 BCNSPRNW ULIB Ver.6.0+V

เปลี่ยนเป็นภาษาไทย

Change to English
 แสดงรายละเอียดบรรณานุกรม
  กลับหน้าหลัก

Brief Record : Get Marc (ISO 2709) : E-mail record : QR code < ปิดหน้าต่าง
LEADER : 00000nam 2200000uu 4500
001    13399124076
003     ULIB
008    150112s2554||||th 000 0 tha d
020    ^a9789741115754
060  4 ^aWS105.5.C8^bม513ก
100 0  ^aมาลี อรุณากูร
245 10 ^aการสื่อสารกับเด็กที่มีความบกพร่องทางการได้ยินในงานทันตกรรมสำหรับเด็ก /^cมาลี อรุณากูร
250    ^aพิมพ์ครั้งที่ 1
260    ^aกรุงเทพฯ :^bภาควิชาทันตกรรมสำหรับเด็ก คณะทันตแพทยศาสตร์ มหาวิทยาลัยมหิดล,^c2554
300    ^a150 หน้า :^bภาพประกอบ +^eคอมแพกต์ดิสก์ 1 แผ่น
650  7 ^aทันตกรรมเด็ก
650  7 ^aเด็กที่มีความบกพร่องทางการได้ยิน
650  7 ^aเด็กหูหนวก
650  7 ^aการสื่อสารทางทันตแพทย์
650  7 ^aการสื่อสารทางการแพทย์
945    ^p600^l0^i038112
945    ^p600^l0^i038113
945    ^p600^l0^i038114
945    ^p600^l0^i038115
945    ^p600^l0^i038116
999    ^aเกษร โพธิ์สุวรรณ
รายการนี้ยังไม่มีแท็ก
คุณยังไม่ได้ล็อกอิน คุณสามารถมีกิจกรรมร่วมกับเว็บไซต์ได้ แต่ต้องล็อกอินก่อน ::
  ล็อกอิน

รายการสื่อสารสนเทศ

ลำดับที่ ประเภท เลขเรียก/บาร์โค้ด สถานที่ สถานะ
1. วิทยาศาสตร์การแพทย์ และสุขภาพ
หนังสือสำรอง
สถานะ=หนังสือสำรอง
WS105.5.C8 ม513ก ฉ.1 
  Barcode: 038112
ห้องสมุดวิทยาเขตสวรรค์ประชารักษ์
►ส่วนจัดเก็บหนังสือเก่า สปร
บนชั้น
  ขอยืม
2. วิทยาศาสตร์การแพทย์ และสุขภาพ
วิทยาศาสตร์การแพทย์ และสุขภาพ
WS105.5.C8 ม513ก ฉ.2 
  Barcode: 038113
ห้องสมุดวิทยาเขตสวรรค์ประชารักษ์
►ส่วนจัดเก็บหนังสือเก่า สปร
บนชั้น
  ขอยืม
3. วิทยาศาสตร์การแพทย์ และสุขภาพ
วิทยาศาสตร์การแพทย์ และสุขภาพ
WS105.5.C8 ม513ก ฉ.3 
  Barcode: 038114
ห้องสมุดวิทยาเขตสวรรค์ประชารักษ์
►ส่วนจัดเก็บหนังสือเก่า สปร
บนชั้น
  ขอยืม
4. วิทยาศาสตร์การแพทย์ และสุขภาพ
วิทยาศาสตร์การแพทย์ และสุขภาพ
WS105.5.C8 ม513ก ฉ.4 
  Barcode: 038115
ห้องสมุดวิทยาเขตสวรรค์ประชารักษ์
►ส่วนจัดเก็บหนังสือเก่า สปร
บนชั้น
  ขอยืม
5. วิทยาศาสตร์การแพทย์ และสุขภาพ
วิทยาศาสตร์การแพทย์ และสุขภาพ
WS105.5.C8 ม513ก ฉ.5 
  Barcode: 038116
ห้องสมุดวิทยาเขตสวรรค์ประชารักษ์
►ส่วนจัดเก็บหนังสือเก่า สปร
บนชั้น
  ขอยืม

รายการใกล้เคียง
    ผู้แต่ง [มาลี อรุณากูร]

    หัวเรื่อง [ทันตกรรมเด็ก]
    หัวเรื่อง [เด็กที่มีความบกพร่องทางการได้ยิน]
    หัวเรื่อง [เด็กหูหนวก]
    หัวเรื่อง [การสื่อสารทางทันตแพทย์]
    หัวเรื่อง [การสื่อสารทางการแพทย์]

BibComment


ยังไม่เคยถูกคอมเมนท์

คอมเมนท์ทรัพยากรรายการนี้
  คอมเมนท์: การสื่อสารกับเด็..


 Copyright 2026. Bcnsprnw @Library